[Event "Championnat de France 2015"]
[Site "?"]
[Date "2015.08.13"]
[Round "5.1"]
[White "Gharamian, Tigran"]
[Black "Edouard, Romain"]
[Result "1/2-1/2"]
[WhiteElo "2644"]
[BlackElo "2634"]
[PlyCount "44"]
[EventDate "2015.??.??"]

1. e4 c5 2. Nf3 d6 3. d4 cxd4 4. Nxd4 Nf6 5. Nc3 g6 6. Be3 Bg7 7. f3 Nc6 8. Qd2
O-O 9. O-O-O d5 10. exd5 Nxd5 11. Nxc6 bxc6 12. Bd4 Bxd4 13. Qxd4 Qb6 14. Qe5
Nxc3 15. Qxc3 Be6 16. Bd3 Rfd8 17. Rhe1 Rab8 18. Re5 Rd5 19. b3 Qf2 20. Re2 Qb6
21. Re5 Qf2 22. Re2 Qb6 1/2-1/2

[Event "Championnat de France 2015"]
[Site "?"]
[Date "2015.08.13"]
[Round "5.2"]
[White "Cornette, Matthieu"]
[Black "Bauer, Christian"]
[Result "1-0"]
[WhiteElo "2618"]
[BlackElo "2619"]
[PlyCount "138"]
[EventDate "2015.??.??"]

1. e4 c5 2. Nf3 Nc6 3. Bb5 e6 4. O-O Nge7 5. Ba4 a6 6. c4 Ng6 7. d4 cxd4 8.
Nxd4 Qc7 9. Be3 Bd6 10. g3 Nxd4 11. Qxd4 Be5 12. Qd2 Qxc4 13. Bc2 Qc7 14. Bb3
d6 15. Rc1 Qd8 16. f4 Bf6 17. Qf2 O-O 18. Bb6 Qe8 19. Na3 d5 20. exd5 exd5 21.
Bxd5 Ne7 22. Bf3 Be6 23. Bxb7 Rb8 24. Bxa6 Rxb6 25. Qxb6 Qa4 26. Nc4 Nf5 27. b3
Qd7 28. Ne5 Qd2 29. Qf2 Qa5 30. Bd3 h5 31. Rc5 Qa3 32. Rac1 Nh6 33. Nc6 Ng4 34.
Qe2 Re8 35. Qe4 g6 36. Qa4 Bb2 37. R1c2 Ne3 38. Qxa3 Bxa3 39. R2c3 Ra8 40. Be4
Bxc5 41. Ne7+ Bxe7 42. Bxa8 Nf5 43. Rd3 Nd4 44. Kh1 Nc2 45. Be4 Kf8 46. Rd2 Na3
47. Kg2 Bc5 48. Rd8+ Ke7 49. Rb8 f5 50. Bd3 Bd5+ 51. Kf1 Bd6 52. Rh8 Bc6 53.
Rc8 Bd7 54. Ra8 Nb5 55. Rg8 Be8 56. Rxe8+ Kxe8 57. Bxb5+ Ke7 58. a4 h4 59. a5
hxg3 60. hxg3 Bb4 61. a6 Bc5 62. Ke2 Ba7 63. Kd3 Bf2 64. Bc4 Ba7 65. Bd5 Bf2
66. b4 Ke8 67. Bg8 Kf8 68. Kc4 Ke7 69. Kd3 Kd6 1-0

[Event "Championnat de France 2015"]
[Site "?"]
[Date "2015.08.13"]
[Round "5.3"]
[White "Bacrot, Etienne"]
[Black "Istratescu, Andrei"]
[Result "1/2-1/2"]
[WhiteElo "2694"]
[BlackElo "2619"]
[PlyCount "138"]
[EventDate "2015.??.??"]

1. d4 Nf6 2. c4 e6 3. Nf3 d5 4. Nc3 Be7 5. Bf4 O-O 6. e3 Nbd7 7. c5 c6 8. Bd3
Nh5 9. O-O Nxf4 10. exf4 b6 11. b4 Qc7 12. g3 a5 13. a3 Ba6 14. Bxa6 Rxa6 15.
Qe2 Rfa8 16. b5 cxb5 17. Nxd5 exd5 18. Qxe7 R6a7 19. Rfb1 bxc5 20. Rxb5 cxd4
21. Nxd4 Nf6 22. Qxc7 Rxc7 23. a4 Rc4 24. Nb3 h6 25. Nxa5 Rd4 26. f5 Kh7 27. f3
Ne8 28. Nc6 Rdxa4 29. Rxa4 Rxa4 30. Rxd5 Nf6 31. Rb5 Rc4 32. Ne5 Rc7 33. g4 g6
34. fxg6+ fxg6 35. Kf2 g5 36. Kg3 Kg7 37. h4 Nh7 38. Nd3 Rf7 39. Ne5 Rc7 40.
Ra5 Nf8 41. Nd3 Ne6 42. h5 Rc2 43. Ra7+ Kg8 44. Ra6 Re2 45. Nc1 Re1 46. Nd3 Re2
47. Nc1 Re1 48. Kf2 Rxc1 49. Rxe6 Kg7 50. Rg6+ Kh7 51. Ke3 Rc4 52. Rd6 Rf4 53.
Rd7+ Kg8 54. Rd5 Kg7 55. Rd7+ Kg8 56. Rd4 Rf6 57. f4 gxf4+ 58. Rxf4 Kg7 59. Re4
Rf1 60. Re7+ Kf6 61. Rh7 Kg5 62. Rg7+ Kh4 63. Ke4 Rf2 64. Ke5 Rf1 65. Rg6 Rf2
66. Rg7 Rf1 67. Ke6 Rf4 68. g5 Kxh5 69. gxh6 Kxh6 1/2-1/2

[Event "Championnat de France 2015"]
[Site "?"]
[Date "2015.08.13"]
[Round "5.4"]
[White "Moussard, Jules"]
[Black "Degraeve, Jean-Marc"]
[Result "0-1"]
[WhiteElo "2487"]
[BlackElo "2551"]
[PlyCount "56"]
[EventDate "2015.??.??"]

1. d4 Nf6 2. Nf3 c5 3. e3 g6 4. Be2 Bg7 5. O-O O-O 6. c4 cxd4 7. exd4 d5 8. Nc3
Nc6 9. Ne5 Be6 10. cxd5 Nxd5 11. Nxc6 bxc6 12. Na4 Nc7 13. Bf3 Bd5 14. Be3 Ne6
15. Rc1 Bxd4 16. Bxd4 Bxf3 17. Qxf3 Nxd4 18. Qe3 Qd6 19. Rfe1 Rfe8 20. Nc5 e5
21. Ne4 Qe7 22. f4 Rad8 23. Nf2 e4 24. Rc4 c5 25. Qxe4 Qd7 26. Qb1 Rxe1+ 27.
Qxe1 Re8 28. Qd1 Qe6 0-1

[Event "Championnat de France 2015"]
[Site "?"]
[Date "2015.08.13"]
[Round "5.5"]
[White "Shchekachev, Andrei"]
[Black "Lagarde, Maxime"]
[Result "1/2-1/2"]
[WhiteElo "2555"]
[BlackElo "2540"]
[PlyCount "75"]
[EventDate "2015.??.??"]

1. Nf3 f5 2. d3 Nc6 3. d4 e6 4. Bf4 Nf6 5. e3 Ne7 6. c4 Ng6 7. Nc3 Bb4 8. Bd3
Bxc3+ 9. bxc3 d6 10. Bg3 Qe7 11. Qc2 O-O 12. Nd2 Nh5 13. Be2 Nxg3 14. hxg3 e5
15. c5 dxc5 16. Bc4+ Be6 17. d5 b5 18. Bxb5 Bxd5 19. e4 fxe4 20. Bc4 Bxc4 21.
Nxc4 Qf7 22. Qe2 e3 23. Nxe3 e4 24. O-O Ne5 25. Rad1 Rae8 26. Rd5 Nd3 27. Rf5
Qe6 28. Rxf8+ Rxf8 29. Qc2 Qe5 30. Qa4 h5 31. Qc4+ Kh8 32. f4 Qe7 33. Qd5 g6
34. Qc6 Rf6 35. Qa8+ Rf8 36. Qc6 Rf6 37. Qa8+ Rf8 38. Qc6 1/2-1/2

[Event "Championnat de France 2015"]
[Site "?"]
[Date "2015.08.13"]
[Round "5.6"]
[White "Maze, Sebastien"]
[Black "Gozzoli, Yannick"]
[Result "0-1"]
[WhiteElo "2573"]
[BlackElo "2561"]
[PlyCount "56"]
[EventDate "2015.??.??"]

1. e4 c5 2. Nf3 Nc6 3. c3 Nf6 4. e5 Nd5 5. Bc4 e6 6. O-O d6 7. d4 cxd4 8. cxd4
Be7 9. Qe2 O-O 10. a3 Bd7 11. Bd3 Rc8 12. Qe4 f5 13. exf6 Nxf6 14. Qh4 d5 15.
Bg5 h6 16. Nc3 Qe8 17. Bxf6 Bxf6 18. Qg4 h5 19. Qg3 Nxd4 20. Ng5 Bxg5 21. Qxg5
Rf6 22. Rad1 Qf7 23. Bb1 Nf5 24. Rfe1 Rg6 25. Qf4 Rg4 26. Qf3 Nh4 27. Qxf7+
Kxf7 28. Be4 Bc6 0-1

[Event "Championnat de France 2015"]
[Site "?"]
[Date "2015.08.14"]
[Round "6.1"]
[White "Lagarde, Maxime"]
[Black "Bacrot, Etienne"]
[Result "1/2-1/2"]
[WhiteElo "2540"]
[BlackElo "2694"]
[PlyCount "68"]
[EventDate "2015.??.??"]

1. e4 e5 2. Nf3 Nc6 3. Bb5 Nf6 4. O-O Nxe4 5. d4 Nd6 6. dxe5 Nxb5 7. a4 Nbd4 8.
Nxd4 d5 9. exd6 Bxd6 10. Re1+ Be7 11. Nxc6 Qxd1 12. Rxd1 bxc6 13. Bf4 Rb8 14.
b3 Bf5 15. Na3 Bxa3 16. Rxa3 Rd8 17. Raa1 Bxc2 18. Rdc1 Bxb3 19. Rxc6 Bxa4 20.
Re1+ Kf8 21. Ra6 Rd1 22. Rxd1 Bxd1 23. Rxa7 Ke7 24. Rxc7+ Ke6 25. Rc6+ Kf5 26.
Be3 f6 27. h3 h5 28. Rc5+ Kg6 29. Rc7 Ra8 30. Ra7 Rxa7 31. Bxa7 Bc2 32. Bb6 Bd1
33. Ba7 Bc2 34. Bb6 Bd1 1/2-1/2

[Event "Championnat de France 2015"]
[Site "?"]
[Date "2015.08.14"]
[Round "6.2"]
[White "Degraeve, Jean-Marc"]
[Black "Gharamian, Tigran"]
[Result "1/2-1/2"]
[WhiteElo "2551"]
[BlackElo "2644"]
[PlyCount "80"]
[EventDate "2015.??.??"]

1. e4 c6 2. d4 d5 3. exd5 cxd5 4. c4 Nf6 5. Nc3 Nc6 6. Nf3 Be6 7. cxd5 Bxd5 8.
Be2 e6 9. O-O Be7 10. Ne5 Qb6 11. Bb5 a6 12. Nxd5 Nxd5 13. Bxc6+ bxc6 14. Qf3
Bf6 15. Rd1 Rd8 16. b3 O-O 17. Ba3 Be7 18. Bxe7 Nxe7 19. Rac1 Rd5 20. g3 h6 21.
Kg2 Qb5 22. Rc4 Qa5 23. Rc2 Qb5 24. Rdc1 Rxd4 25. Rc5 Qb7 26. Nxc6 Nxc6 27.
Qxc6 Rb8 28. Ra5 Rd6 29. Qxb7 Rxb7 30. Rc8+ Kh7 31. Ra8 Rbb6 32. Ra7 Kg6 33.
Rc5 Rbc6 34. Rxc6 Rxc6 35. Kf3 Rc3+ 36. Kg2 Rc6 37. h4 f5 38. Kf3 Rc3+ 39. Kg2
Rc6 40. Kf3 Rc3+ 1/2-1/2

[Event "Championnat de France 2015"]
[Site "?"]
[Date "2015.08.14"]
[Round "6.3"]
[White "Gozzoli, Yannick"]
[Black "Bauer, Christian"]
[Result "0-1"]
[WhiteElo "2561"]
[BlackElo "2619"]
[PlyCount "122"]
[EventDate "2015.??.??"]

1. d4 Nf6 2. c4 c5 3. d5 b5 4. cxb5 a6 5. e3 g6 6. Nc3 Bg7 7. Nf3 O-O 8. a4 d6
9. Ra3 Bb7 10. Be2 axb5 11. Bxb5 Na6 12. O-O Nc7 13. Bc4 e6 14. e4 Nxe4 15.
Nxe4 exd5 16. Rb3 Bc6 17. Rb6 Qd7 18. Nxd6 dxc4 19. Nxc4 Qxd1 20. Rxd1 Bxf3 21.
gxf3 Rxa4 22. b3 Ra1 23. Rf1 Ne6 24. Be3 Ra2 25. Rd1 Bd4 26. Kg2 Bxe3 27. Nxe3
Re8 28. Nd5 Kg7 29. f4 Rd8 30. Kg3 Nd4 31. Ne3 Rb2 32. Kg2 Ra8 33. Nc4 Re2 34.
Ne5 Raa2 35. Nd3 Rac2 36. Rf1 Nf5 37. Kf3 Nd4+ 38. Kg2 Rc3 39. Ne5 Ne6 40. Rxe6
fxe6 41. Ra1 Kf6 42. Ra7 Kf5 43. Rxh7 Rxb3 44. Rc7 Rc3 45. Nd7 c4 46. Ne5 Rcc2
47. Kg3 Rxf2 48. Nxc4 Rg2+ 49. Kf3 Rcf2+ 50. Ke3 Rxh2 51. Rf7+ Kg4 52. Ne5+ Kg3
53. Rf6 g5 54. Rxe6 gxf4+ 55. Kd4 Rd2+ 56. Kc3 Rc2+ 57. Kb3 Rc8 58. Rg6+ Kh3
59. Rh6+ Kg2 60. Rg6+ Kf1 61. Rf6 Rf2 0-1

[Event "Championnat de France 2015"]
[Site "?"]
[Date "2015.08.14"]
[Round "6.4"]
[White "Istratescu, Andrei"]
[Black "Cornette, Matthieu"]
[Result "1-0"]
[WhiteElo "2619"]
[BlackElo "2618"]
[PlyCount "83"]
[EventDate "2015.??.??"]

1. d4 Nf6 2. c4 e6 3. Nf3 b6 4. g3 Bb4+ 5. Nbd2 Bb7 6. Bg2 c5 7. dxc5 Bxc5 8.
O-O O-O 9. a3 Be7 10. b4 a5 11. b5 d6 12. Bb2 e5 13. Nh4 Bxg2 14. Nxg2 Nbd7 15.
a4 Nc5 16. Ne3 Qd7 17. Nb1 Qe6 18. Nc3 Nfd7 19. Ned5 Bd8 20. e4 Rc8 21. Ba3 Qg6
22. Ne3 Re8 23. Nf5 Be7 24. Ra2 Bf8 25. Qe2 Qe6 26. Ne3 Be7 27. Rd1 g6 28. Rad2
Nf6 29. Ned5 Nxd5 30. Nxd5 Bd8 31. Nxb6 Bxb6 32. Rxd6 Qh3 33. Rxb6 Nxa4 34. Rb7
Qe6 35. Rdd7 Nc5 36. Bxc5 Rxc5 37. Rxf7 Qxf7 38. Rxf7 Kxf7 39. Qd2 Ke7 40. Qxa5
Rxc4 41. b6 Kf6 42. b7 1-0

[Event "Championnat de France 2015"]
[Site "?"]
[Date "2015.08.14"]
[Round "6.5"]
[White "Maze, Sebastien"]
[Black "Moussard, Jules"]
[Result "1-0"]
[WhiteElo "2573"]
[BlackElo "2487"]
[PlyCount "79"]
[EventDate "2015.??.??"]

1. e4 c5 2. Nf3 d6 3. Bb5+ Nc6 4. O-O Bd7 5. Re1 Nf6 6. c3 a6 7. Bf1 Bg4 8. h3
Bxf3 9. Qxf3 e6 10. d3 Be7 11. Nd2 O-O 12. Qd1 d5 13. e5 Nd7 14. Nf3 b5 15. Bf4
Nb6 16. g3 a5 17. h4 a4 18. d4 a3 19. b3 b4 20. dxc5 Bxc5 21. Rc1 Be7 22. Bd3
bxc3 23. Rxc3 Nb4 24. Bb1 Rc8 25. Rxc8 Qxc8 26. Ng5 g6 27. h5 Qc3 28. hxg6 hxg6
29. Kg2 Nd7 30. Re3 Qa1 31. Qh1 Bxg5 32. Bxg5 Rc8 33. Re1 Qd4 34. Bxg6 fxg6 35.
Qh6 Qd3 36. Bf6 Nxf6 37. exf6 Rc7 38. Rxe6 Nc6 39. Re8+ Kf7 40. Qf8# 1-0

[Event "Championnat de France 2015"]
[Site "?"]
[Date "2015.08.14"]
[Round "6.6"]
[White "Edouard, Romain"]
[Black "Shchekachev, Andrei"]
[Result "1-0"]
[WhiteElo "2634"]
[BlackElo "2555"]
[PlyCount "43"]
[EventDate "2015.??.??"]

1. e4 c5 2. Nf3 e6 3. d4 cxd4 4. Nxd4 a6 5. Bd3 Bc5 6. Nb3 Be7 7. Qg4 g6 8. Qe2
d6 9. O-O Nc6 10. Nc3 Ne5 11. f4 Nxd3 12. cxd3 Nf6 13. f5 e5 14. d4 Rg8 15.
dxe5 dxe5 16. Bg5 Bd7 17. Rad1 Rc8 18. Kh1 Nh5 19. f6 Bf8 20. Qf2 Nf4 21. Bxf4
exf4 22. Nd5 1-0

[Event "Championnat de France 2015"]
[Site "?"]
[Date "2015.08.16"]
[Round "7.1"]
[White "Bauer, Christian"]
[Black "Istratescu, Andrei"]
[Result "1-0"]
[WhiteElo "2619"]
[BlackElo "2619"]
[PlyCount "129"]
[EventDate "2015.??.??"]

1. d4 Nf6 2. Nf3 g6 3. c4 Bg7 4. Nc3 d5 5. cxd5 Nxd5 6. Qb3 Nb6 7. Bf4 Be6 8.
Qa3 Nc6 9. e3 O-O 10. Be2 a5 11. Qc5 Nd7 12. Qb5 Nb4 13. O-O Nb6 14. a3 c6 15.
Qc5 Nd7 16. Qg5 Nd5 17. Nxd5 Bxd5 18. Qg3 Nf6 19. Nd2 Qb6 20. b3 c5 21. dxc5
Qxc5 22. Rfc1 Qb6 23. Be5 Qe6 24. Bd4 Rfc8 25. Bf3 b5 26. h3 h6 27. Qe5 Qxe5
28. Bxe5 Bxf3 29. Nxf3 Ne4 30. Bxg7 Kxg7 31. Nd4 Nc3 32. Kf1 e5 33. Nf3 Kf6 34.
Nd2 Ke6 35. Ke1 f5 36. Rc2 Rc7 37. Rac1 Rac8 38. b4 axb4 39. axb4 Nd5 40. Rxc7
Rxc7 41. Rxc7 Nxc7 42. Nb1 Kd5 43. Na3 g5 44. g4 f4 45. Ke2 e4 46. Kd2 f3 47.
Nb1 Kc4 48. Nc3 Kxb4 49. Nxe4 Ka3 50. Kd3 b4 51. Nd2 b3 52. Ke4 Kb4 53. Nxb3
Kxb3 54. Kxf3 Kc4 55. Ke4 Nd5 56. Ke5 Kc5 57. Kf5 Nc3 58. Kg6 Nd1 59. f4 gxf4
60. exf4 Nf2 61. f5 Nxh3 62. Kxh6 Kd6 63. g5 Nf2 64. f6 Kd7 65. f7 1-0

[Event "Championnat de France 2015"]
[Site "?"]
[Date "2015.08.16"]
[Round "7.2"]
[White "Shchekachev, Andrei"]
[Black "Degraeve, Jean-Marc"]
[Result "1/2-1/2"]
[WhiteElo "2555"]
[BlackElo "2551"]
[PlyCount "158"]
[EventDate "2015.??.??"]

1. Nf3 b6 2. g3 Bb7 3. Bg2 e5 4. c4 g6 5. O-O Bg7 6. Nc3 Ne7 7. e4 c5 8. a3 O-O
9. d3 h6 10. b4 d6 11. Rb1 Nd7 12. Nd5 Kh7 13. Nh4 Rb8 14. Bh3 Bc8 15. Ng2 Nf6
16. Bxc8 Rxc8 17. bxc5 bxc5 18. Nxe7 Qxe7 19. Qa4 Rc7 20. Qa6 Rfc8 21. Bd2 Rc6
22. Qa4 h5 23. Rb5 Bh6 24. Bxh6 Kxh6 25. Rfb1 R6c7 26. Ne3 Kg7 27. h4 Qd7 28.
Qd1 Rc6 29. Kg2 R6c7 30. f3 Rc6 31. Qb3 R6c7 32. Rb2 Kf8 33. Qd1 Kg7 34. a4 Qd8
35. Qd2 Rc6 36. a5 R6c7 37. Qd1 Qd7 38. Qd2 Qd8 39. Qc2 Qd7 40. Qd1 Qe8 41. Qd2
Qd8 42. R2b3 Rc6 43. Rb7 R8c7 44. Rb8 Rc8 45. R8b7 R8c7 46. R7b5 Rc8 47. Rb1
R6c7 48. g4 hxg4 49. fxg4 Qd7 50. Kg3 Rh8 51. Nf5+ Kf8 52. Rb8+ Ne8 53. Ne3 Qe6
54. Nd5 Rd7 55. Rf1 Kg7 56. a6 f6 57. Rxe8 Rxe8 58. Rxf6 Qxf6 59. Nxf6 Kxf6 60.
Qg5+ Kf7 61. h5 gxh5 62. Qxh5+ Ke7 63. Qg5+ Ke6 64. Qg6+ Ke7 65. Qg5+ Ke6 66.
Qh6+ Ke7 67. Qh4+ Ke6 68. Qh6+ Ke7 69. g5 Kd8 70. Qf6+ Kc7 71. Kg4 Rg8 72. Qe6
Rdg7 73. Qd5 Rxg5+ 74. Kf3 Rg3+ 75. Kf2 Rg2+ 76. Kf1 Rg1+ 77. Kf2 R8g2+ 78. Kf3
Rg3+ 79. Kf2 R3g2+ 1/2-1/2

[Event "Championnat de France 2015"]
[Site "?"]
[Date "2015.08.16"]
[Round "7.3"]
[White "Gharamian, Tigran"]
[Black "Maze, Sebastien"]
[Result "1-0"]
[WhiteElo "2644"]
[BlackElo "2573"]
[PlyCount "95"]
[EventDate "2015.??.??"]

1. e4 e5 2. Nf3 Nc6 3. Bb5 Nf6 4. O-O Nxe4 5. d4 Nd6 6. Bxc6 dxc6 7. dxe5 Nf5
8. Qxd8+ Kxd8 9. Nc3 Ke8 10. h3 Be6 11. b3 Bb4 12. Ne2 Bd5 13. Nd2 a5 14. c3
Be7 15. c4 Be6 16. Ne4 a4 17. Bb2 h5 18. Rfd1 b6 19. N2c3 axb3 20. axb3 Rxa1
21. Bxa1 Bb4 22. Bb2 Bxc3 23. Nxc3 Ne7 24. Bc1 b5 25. Bg5 bxc4 26. bxc4 Bxc4
27. Ne4 Nd5 28. Ra1 Nb6 29. Ra7 Kd7 30. Nc5+ Kc8 31. e6 Bxe6 32. Bf4 Kb8 33.
Rxc7 Nd5 34. Rb7+ Ka8 35. Be5 Re8 36. Rb3 Re7 37. Bd6 Rd7 38. Nxd7 Bxd7 39. Bc5
Be6 40. h4 Nc7 41. Rb6 Bd5 42. f3 Ne6 43. Be3 Nf8 44. Kf2 Nd7 45. Rb1 Be6 46.
Kg3 f6 47. Re1 Bd5 48. Bd4 1-0

[Event "Championnat de France 2015"]
[Site "?"]
[Date "2015.08.16"]
[Round "7.5"]
[White "Cornette, Matthieu"]
[Black "Lagarde, Maxime"]
[Result "1-0"]
[WhiteElo "2618"]
[BlackElo "2540"]
[PlyCount "69"]
[EventDate "2015.??.??"]

1. e4 c5 2. Nf3 d6 3. Bb5+ Nd7 4. c3 Ngf6 5. Qe2 a6 6. Ba4 e5 7. d4 b5 8. Bc2
Bb7 9. d5 Be7 10. b3 O-O 11. O-O Qc7 12. Bd2 Rfc8 13. a4 c4 14. b4 Nb6 15. a5
Nbxd5 16. exd5 Nxd5 17. Ng5 g6 18. f4 exf4 19. Nh3 Re8 20. Qf2 g5 21. Nxf4 gxf4
22. Bxf4 Kh8 23. Bh6 Rg8 24. Qd4+ Nf6 25. Rxf6 Rxg2+ 26. Kf1 Bxf6 27. Qxf6+ Kg8
28. Nd2 Re8 29. Re1 Rxe1+ 30. Kxe1 Qd7 31. Be4 Bxe4 32. Nxe4 Qe8 33. Kf1 d5 34.
Qf3 Qxe4 35. Qxe4 1-0

[Event "Championnat de France 2015"]
[Site "?"]
[Date "2015.08.16"]
[Round "7.6"]
[White "Moussard, Jules"]
[Black "Gozzoli, Yannick"]
[Result "0-1"]
[WhiteElo "2487"]
[BlackElo "2561"]
[PlyCount "72"]
[EventDate "2015.??.??"]

1. Nf3 d5 2. c4 c6 3. e3 Nf6 4. Nc3 g6 5. d4 Bg7 6. Be2 O-O 7. O-O b6 8. a4 a5
9. Ne5 Bb7 10. Qb3 e6 11. Bd2 Nbd7 12. Nxd7 Nxd7 13. cxd5 exd5 14. Rfc1 Re8 15.
Bf1 Nf8 16. Rc2 Ne6 17. Ne2 Re7 18. Rac1 c5 19. dxc5 bxc5 20. Qa3 Rc7 21. Nf4
Nxf4 22. exf4 Bf8 23. f5 Bd6 24. fxg6 hxg6 25. g3 d4 26. Bg2 Qd7 27. Bxb7 Rxb7
28. Qf3 Rab8 29. Bf4 Qf5 30. Kg2 Rb3 31. Qc6 Bxf4 32. Rxc5 Be5 33. Re1 Re3 34.
fxe3 Rxb2+ 35. Kh1 Qf2 36. Qe8+ Kh7 0-1

[Event "Championnat de France 2015"]
[Site "?"]
[Date "2015.08.17"]
[Round "8.1"]
[White "Lagarde, Maxime"]
[Black "Bauer, Christian"]
[Result "1/2-1/2"]
[WhiteElo "2540"]
[BlackElo "2619"]
[PlyCount "117"]
[EventDate "2015.??.??"]

1. e4 e6 2. d4 d5 3. Nd2 Nc6 4. c3 e5 5. exd5 Qxd5 6. Ngf3 exd4 7. Bc4 Qh5 8.
cxd4 Nf6 9. O-O Be7 10. Ne5 Qxd1 11. Rxd1 Nd8 12. d5 O-O 13. Bb3 a5 14. Ndc4 a4
15. Bc2 Re8 16. d6 Bxd6 17. Nxd6 cxd6 18. Nc4 d5 19. Nb6 Bg4 20. f3 Ra6 21.
fxg4 Rxb6 22. g5 Ng4 23. Bxa4 Re2 24. h3 Rb4 25. Bb3 Rd4 26. Rf1 Ne5 27. Bf4
Ne6 28. Rac1 Nc4 29. Bg3 Nxg5 30. Bd1 Re8 31. b3 Nd2 32. Re1 Rxe1+ 33. Bxe1 h6
34. Bf2 Rf4 35. Be2 Nde4 36. Be3 Rf6 37. Rc8+ Kh7 38. Bd3 Rg6 39. Kh2 f5 40.
Rf8 Nd6 41. Rxf5 Nxf5 42. Bxf5 Nf7 43. Bc5 Nh8 44. a4 Kg8 45. Bxg6 Nxg6 46. b4
Ne5 47. b5 Nc4 48. Bb4 b6 49. Bc3 Kf7 50. Bd4 g6 51. Kg3 g5 52. Kf3 h5 53. g4
hxg4+ 54. hxg4 Ke6 55. Ke2 Ke7 56. Kd3 Ke6 57. Kc3 Kd7 58. Kb4 Kc7 59. Bf6
1/2-1/2

[Event "Championnat de France 2015"]
[Site "?"]
[Date "2015.08.17"]
[Round "8.2"]
[White "Degraeve, Jean-Marc"]
[Black "Bacrot, Etienne"]
[Result "1/2-1/2"]
[WhiteElo "2551"]
[BlackElo "2694"]
[PlyCount "103"]
[EventDate "2015.??.??"]

1. e4 d5 2. exd5 Qxd5 3. Nc3 Qd6 4. d4 Nf6 5. Nf3 Bg4 6. h3 Bh5 7. g4 Bg6 8.
Ne5 Nbd7 9. Nxg6 hxg6 10. Bg2 c6 11. d5 cxd5 12. Nxd5 O-O-O 13. Bf4 Qa6 14. Qe2
Qxe2+ 15. Kxe2 Nxd5 16. Bxd5 e6 17. Bg2 Be7 18. Rad1 Nc5 19. b3 g5 20. Be3 b6
21. Rxd8+ Rxd8 22. Rd1 Rxd1 23. Kxd1 a5 24. Kd2 Kc7 25. Kc3 b5 26. a3 Nd7 27.
b4 axb4+ 28. axb4 Nb6 29. Kb3 Nd5 30. Bd2 Nf4 31. Bf1 Kc6 32. c4 bxc4+ 33. Kxc4
Bd6 34. Be3 Bc7 35. Bd4 f6 36. Bc5 Bb6 37. Bf8 Bxf2 38. Bxg7 f5 39. Bh6 Bh4 40.
b5+ Kb6 41. Bg7 Kc7 42. Bd4 Kd6 43. b6 Kc6 44. Kb4 Be1+ 45. Ka4 fxg4 46. hxg4
e5 47. Bc5 Nd5 48. b7 Kxb7 49. Bg2 Kc6 50. Ba3 Bf2 51. Kb3 Bc5 52. Kc4 1/2-1/2

[Event "Championnat de France 2015"]
[Site "?"]
[Date "2015.08.17"]
[Round "8.3"]
[White "Edouard, Romain"]
[Black "Cornette, Matthieu"]
[Result "1-0"]
[WhiteElo "2634"]
[BlackElo "2618"]
[PlyCount "67"]
[EventDate "2015.??.??"]

1. Nf3 Nf6 2. b3 g6 3. Bb2 Bg7 4. g3 d6 5. Bg2 e5 6. d3 O-O 7. O-O Nc6 8. e4 h6
9. c4 Bg4 10. h3 Bxf3 11. Qxf3 Nd7 12. Na3 Nc5 13. Nc2 a5 14. Qd1 Nb4 15. Ne1
Ne6 16. a3 Nc6 17. Nc2 Qb8 18. Kh1 b5 19. Rb1 bxc4 20. bxc4 Qa7 21. Bc1 Rab8
22. Be3 Rxb1 23. Qxb1 Nc5 24. f4 Rb8 25. Qd1 Nd4 26. f5 Nxc2 27. Qxc2 Qb7 28.
Qe2 Qb2 29. Qg4 h5 30. Qg5 Qe2 31. fxg6 f6 32. Rxf6 Nxd3 33. Bf1 Rb1 34. Qf5
1-0

[Event "Championnat de France 2015"]
[Site "?"]
[Date "2015.08.17"]
[Round "8.4"]
[White "Moussard, Jules"]
[Black "Gharamian, Tigran"]
[Result "1/2-1/2"]
[WhiteElo "2487"]
[BlackElo "2644"]
[PlyCount "81"]
[EventDate "2015.??.??"]

1. Nf3 Nf6 2. c4 e6 3. Nc3 d5 4. e3 Be7 5. b3 O-O 6. Bb2 b6 7. Be2 Bb7 8. O-O
Nbd7 9. d4 c5 10. cxd5 Nxd5 11. Nxd5 Bxd5 12. Rc1 Rc8 13. Bc4 Bb7 14. Qe2 Rc7
15. Rfd1 Qa8 16. dxc5 Nxc5 17. Ne1 Rd8 18. Qg4 Bf8 19. Rxd8 Qxd8 20. Rd1 Rd7
21. Rxd7 Qxd7 22. Qd4 Qc6 23. Be2 Qe4 24. Qd1 Qg6 25. f3 Qg5 26. Qd4 Bc6 27.
Nc2 Nd7 28. Qc3 Qc5 29. Kf2 Bb7 30. Qxc5 Bxc5 31. Bb5 Nb8 32. Ke2 Bd6 33. g3
Kf8 34. e4 Nc6 35. Nd4 Nxd4+ 36. Bxd4 e5 37. Be3 Ke7 38. a4 f6 39. h4 Bb4 40.
g4 h6 41. h5 1/2-1/2

[Event "Championnat de France 2015"]
[Site "?"]
[Date "2015.08.17"]
[Round "8.5"]
[White "Gozzoli, Yannick"]
[Black "Istratescu, Andrei"]
[Result "1-0"]
[WhiteElo "2561"]
[BlackElo "2619"]
[PlyCount "125"]
[EventDate "2015.??.??"]

1. d4 d5 2. c4 e6 3. Nc3 c6 4. Nf3 dxc4 5. a4 Bb4 6. g3 b5 7. Bg2 Bb7 8. O-O a6
9. Qc2 Ne7 10. Rd1 Nd7 11. Ne5 O-O 12. Ne4 Qc7 13. Bf4 Nxe5 14. Bxe5 Qb6 15.
Nc5 Rfe8 16. Qe4 Nd5 17. Qg4 f6 18. Bxd5 fxe5 19. Bxe6+ Kh8 20. Nd7 Qd8 21.
Nxe5 Qf6 22. Bf7 g6 23. Bxe8 Rxe8 24. Qf4 Qe6 25. Qf7 Qc8 26. Qf6+ Kg8 27. Qf7+
Kh8 28. Qf6+ Kg8 29. Nf7 Qh3 30. Qf4 Qe6 31. Ng5 Qe7 32. e4 h6 33. Nf3 g5 34.
Qe3 Qxe4 35. Qxe4 Rxe4 36. Kf1 Kf7 37. Ne1 c3 38. Rab1 cxb2 39. Rxb2 Bc3 40.
Re2 Rxd4 41. Rxd4 Bxd4 42. Rd2 c5 43. Nc2 bxa4 44. Nxd4 cxd4 45. Rxd4 Bc6 46.
Ke1 Ke6 47. Kd2 Bb5 48. Kc3 Kf5 49. Rd6 h5 50. Rd5+ Kg4 51. h3+ Kxh3 52. Rxg5
Be8 53. f4 h4 54. gxh4 Kxh4 55. Rg7 Kh5 56. f5 Kh6 57. f6 Bh5 58. Kb4 Bd1 59.
Rg3 Bb3 60. Kc5 Kh5 61. Kd6 Kh4 62. Rg1 Kh3 63. Ke7 1-0

[Event "Championnat de France 2015"]
[Site "?"]
[Date "2015.08.17"]
[Round "8.6"]
[White "Maze, Sebastien"]
[Black "Shchekachev, Andrei"]
[Result "1-0"]
[WhiteElo "2573"]
[BlackElo "2555"]
[PlyCount "61"]
[EventDate "2015.??.??"]

1. e4 d6 2. d4 g6 3. Nc3 Bg7 4. Be3 c6 5. Nf3 Nf6 6. h3 O-O 7. Bd3 Qc7 8. O-O
Nbd7 9. a4 b6 10. Qd2 Bb7 11. Rfe1 e5 12. dxe5 dxe5 13. a5 Rad8 14. Qc1 Qb8 15.
Na4 Bc8 16. axb6 axb6 17. Ra3 b5 18. Nc5 Nxc5 19. Bxc5 Rfe8 20. Bb4 Nh5 21. Qe3
Nf4 22. Rea1 Be6 23. Bf1 Bc4 24. Ra7 Bh6 25. Bxc4 bxc4 26. Qe1 Ne6 27. Be7 Rxe7
28. Rxe7 Qxb2 29. Qb1 Qc3 30. Raa7 Rf8 31. Rxe6 1-0

[Event "Championnat de France 2015"]
[Site "?"]
[Date "2015.08.18"]
[Round "9.1"]
[White "Cornette, Matthieu"]
[Black "Degraeve, Jean-Marc"]
[Result "1-0"]
[WhiteElo "2618"]
[BlackElo "2551"]
[PlyCount "97"]
[EventDate "2015.??.??"]

1. e4 d6 2. d4 Nf6 3. Nc3 e5 4. Nf3 Nbd7 5. Bc4 Be7 6. a4 O-O 7. O-O c6 8. h3
a5 9. Re1 Nb6 10. Ba2 Nfd7 11. Be3 exd4 12. Bxd4 Nc5 13. Bb1 Be6 14. Qe2 Re8
15. Ba2 Bxa2 16. Rxa2 d5 17. exd5 Nxd5 18. Nxd5 Qxd5 19. Bxc5 Qxc5 20. Ra3 Bf8
21. Qxe8 Rxe8 22. Rxe8 Qxc2 23. Ne1 Qb1 24. Rd3 g6 25. g4 Kg7 26. Rdd8 h5 27.
Kg2 hxg4 28. hxg4 Qxb2 29. Rxf8 Qb4 30. Rg8+ Kf6 31. g5+ Kf5 32. Nd3 Qg4+ 33.
Kf1 Qd1+ 34. Ne1 Qxa4 35. Rge8 Kxg5 36. Rd4 Qb5+ 37. Kg2 Kf6 38. Nf3 Kg7 39.
Re7 Kf8 40. Re5 c5 41. Rd8+ Kg7 42. Re7 Kf6 43. Rdd7 Qc4 44. Ne5 Qa4 45. Re8
Qe4+ 46. Kg3 Qxe5+ 47. Rxe5 Kxe5 48. Rxb7 Ke4 49. Rxf7 1-0

[Event "Championnat de France 2015"]
[Site "?"]
[Date "2015.08.18"]
[Round "9.2"]
[White "Bauer, Christian"]
[Black "Edouard, Romain"]
[Result "1/2-1/2"]
[WhiteElo "2619"]
[BlackElo "2634"]
[PlyCount "45"]
[EventDate "2015.??.??"]

1. e4 c5 2. Nf3 d6 3. d4 cxd4 4. Nxd4 Nf6 5. Nc3 g6 6. Be3 Bg7 7. f3 Nc6 8. Qd2
O-O 9. g4 Be6 10. h4 d5 11. e5 Nxe5 12. O-O-O Qa5 13. Be2 Rfc8 14. h5 Rxc3 15.
Qxc3 Qxa2 16. hxg6 hxg6 17. Nxe6 fxe6 18. Qxe5 Qa1+ 19. Kd2 Qa5+ 20. Kc1 Qa1+
21. Kd2 Qa5+ 22. Kc1 Qa1+ 23. Kd2 1/2-1/2